000 00940 a2200193 4500
001 27091
005 20260407155547.0
008 260407a1972 arg spa d
003 AR-UNSa-BCEJYS
040 _aAR-UNSa-BCEJYS
_bspa
_cAR-UNSa-BCEJYS
080 _a347.736
_xQuiebra. Insolvencia. Suspensión de pagos. Bancarrota, procedimientos. Derecho Concursal
245 1 0 _aLa quiebra y demas procesos concursales
264 1 _aLa Plata :
_bLEP (Librería Editora Platense)
_c1972
300 _a414 p.
_c23 cm.
505 _a1. Ley de concursos de los concursos comerciales - 2. Concurso preventivo - 3. Requisitos - 4. Apertura - 5. Trámite hasta la junta - 6. Contenido y votación del acuerdo preventivo - 7. Impugnación, homologación, cumplimiento y nulidad del acuerdo - 8. Disposiciones particulares para el acuerdo por cesión de bienes.
942 _cBK
590 _aniveau_biblio:m niveau_hierar:0
100 1 _aArgeri, Saúl A.
999 _c1539
_d1539